| 000 | 00503nmm a2200169Ia 4500 | ||
|---|---|---|---|
| 008 | 251105s9999||||xx |||||||||||||||||und|| | ||
| 020 | _a8495121263 | ||
| 041 | _aspa | ||
| 100 | _aRodríguez, Hilario J. | ||
| 245 | 0 |
_aLars Von Trier : _b El cine sin dogmas |
|
| 264 |
_a[Madrid, España] : _bEdiciones JC Clementine, _c2003 |
||
| 300 | _a318 páginas | ||
| 490 | _aColección Directores de cine | ||
| 650 | _aFilm studies | ||
| 856 | _uhttps://public.digitaliapublishing.com/a/12876 | ||
| 942 | _cCF | ||
| 999 |
_c73930 _d73930 |
||